Представление документа в формате MARC21

Поле Инд. ПП Название Значение
Тип записи a
Библиографический уровень m
001 Контрольный номер 005082406
005 Дата корректировки 20140703201358.5
008 Кодируемые данные 111128s2012 a zzzz 000 1 rusdu
020 a ISBN 978-5-9916-1619-5
040 a Служба первич. каталог. НБ ТвГУ
d Организация, изменившая запись RuMo
e Правила каталог. rcr
041 a Код языка текста rus
080 a Индекс УДК 544.77(075.8)
084 a Индекс другой классификации/Индекс ББК Г6я73-1
090 a Полочн. индекс Г6
x Авторский знак Щ 95
100 1_ a Автор Щукин Евгений Дмитриевич
q Полное имя Щукин Е. Д.
245 10 a Заглавие Коллоидная химия
b Продолж. заглавия учебник для бакалавров : для студентов вузов, обучающихся по специальностям "Химия" и направлению "Химия"
250 a Основные сведения об издании 6-е изд.
260 a Место издания Москва
b Издательство Юрайт
c Дата издания 2012
300 a Объем 443, [1] с.
b Иллюстрации/ тип воспроизводства ил., табл.
c Размеры 22 см
440 _0 a Серия Бакалавр
440 _0 a Серия Министерство образования и науки РФ рекомендует
504 a Библиография Библиогр.: с. 433 (23 назв.)
504 a Библиография Предм. указ.: с. 434-441
520 a Аннотация В учебнике изложены основные разделы современной коллоидной химии - науки о дисперсном состоянии вещества: учение о поверхностных явлениях, свойствах адсорбционных слоев, получении и свойствах дисперсных систем, их устойчивости и стабилизации, структурообразовании в дисперсных системах, даны их теоретические и экспериментальные основы и принципы практического применения. Представлены такие фундаментальные проблемы, как механизмы действия поверхностно-активных веществ, лиофильность и самопроизвольное диспергирование, физико-химическая механика. Соответствует Федеральному государственному образовательному стандарту ВПО третьего поколения. Для студентов университетов и химико-технологических вузов.
653 a Ключевые слова Коллоидная химия
a Ключевые слова Учебники для вузов
a Ключевые слова Химия
700 1_ a Другие авторы Перцов Александр Валериевич
q Полное имя Перцов, А. В.
700 1_ a Другие авторы Амелина Елена Анатольевна
q Полное имя Амелина, Е. А.
901 t Тип документа m
910 a гриф есть*
920 a Оператор Хохл
930 a Новая/Ретро учебники
952 c Вид литературы К ру
954 a Дата поступления на обработку 20111226